00618nam a22001697a 450000500170000001000650001702000260008203500170010803700090012508200080013410000170014224500620015926000490022127001400027030000280041049000100043820230127144209.0 aB-747209-214 E.N.A./7.11.22 a9789355014085c899.00 aB-747209-214 bAKPD a510 aKhanna, M.L. aMathematics for IIT-JEE:bmain and advanced/cM.L. Khanna aNew delhibS Chand and Company Limitedc2023 aBlock B-1, House No. D-1, Ground Floor, Mohon Co-operative Industrial EstatebNew Delhie110044k01166672000minfo@schandpublishing.com a xx; 1922p.c27cm.(pbk) vVol-2